000 00642na a2200205 4500
001 19540
003 MIRAKIL
005 20181213154842.0
008 161216b tu 000 0
040 _aMilas
_btur
_cTR-AnCHP
041 _atur
082 _a320.5315
_bS67 1990
090 _a320.5315 S67 1990
245 _aSosyal demokrasinin çağdaş boyutları
_bTürk-İsveç perspektifleri
_ceditör Yurdakul Fincancı
260 _aİstanbul
_bTürkiye Sosyal Ekonomik Siyasal Araştırmalar Vakfı
_c1990
300 _a99 s.
_c23 sm.
650 _aSosyal demokrasi
_zÇağdaşlık
700 _aFincancı, Yurdakul
942 _2ddc
_cBKS
999 _c1993
_d1993